000 01467cam a2200253 4500
001 ABS63954
008 000000n2001 000 0 eng u
035 _a(Sirsi) u112691
100 _aHollmann, J.
245 4 _aThe Total Cost Management (TCM) Framework
260 _c2001
490 _aCost Engineering
_v43(3) March 2001, 14-19(7)
520 _aProvides a brief overview of AACE International's new 'Total Cost Management (TCM) Framework' project, and a synopsis of sections 1 and 2. In AACE International's Constitution TCM is defined as - 'a systematic approach to managing cost throughout the life cycle of any enterprise, program, facility, project, product or service'. The aim of the TCM Framework is to provide a systematic approach to TCM. It will consist of a process map and supporting text, which provide an overview of the scope of all the sub-processes and functions of cost engineering, and how these processes relate to one another. It will also include a hierarchical structure that will give guidance on Recommended Practices and Standards development. Complete versions of sections 1 and 2 can be viewed at: http://ww.aacei.org. Diagrams.
590 _aABS
650 _aTOTAL COST MANAGEMENT
650 _aAACE
650 _aCOST ENGINEERING
650 _aGUIDANCE
650 _aFACILITIES MANAGEMENT
_96240
650 _aASSET MANAGEMENT
650 _aFINANCE
690 _aMANAGEMENT-BUSINESS MANAGEMENT
942 _n0
999 _c67083
_d67083